000 00506nam a2200205Ia 4500
003 0100
008 130227s9999 xx 000 0 und d
040 _cARRUPELIB
050 _aBT102.P54 1980
100 _aPlantinga, Alvin
245 _aDoes God have a nature
245 _bthe Aquinas lecture, 1980
260 _aMilwaukee
260 _bMarquette University Press
260 _C1980
300 _a146p.
300 _b 19cm.
650 _bSpiritual Exercises - Commentaries
942 _2lcc
_02
999 _c3064
_d3064